Detalles MARC
| 000 -LEADER |
| campo de control de longitud fija |
01892cam a22005174i 4500 |
| 001 - NÚMERO DE CONTROL |
| campo de control |
MOR01000092742 |
| 003 - IDENTIFICADOR DE NÚMERO DE CONTROL |
| campo de control |
mxdfmo |
| 005 - FECHA Y HORA DE LA ÚLTIMA TRANSACCIÓN |
| campo de control |
20260331145645.0 |
| 007 - CAMPO FIJO DE DESCRIPCIÓN FÍSICA--INFORMACIÓN GENERAL |
| campo de control de longitud fija |
ta |
| 008 - DATOS DE LONGITUD FIJA--INFORMACIÓN GENERAL |
| campo de control de longitud fija |
100701s2009 sp g bi i000 0 spa d |
| 020 ## - NÚMERO INTERNACIONAL ESTÁNDAR DEL LIBRO |
| Número Internacional Estándar del Libro |
978-84-9781-520-8 |
| 035 ## - NÚMERO DE CONTROL DEL SISTEMA |
| Número de control de sistema |
100709 |
| 040 ## - FUENTE DE CATALOGACIÓN |
| Centro catalogador/agencia de origen |
mxcmmo |
| Lengua de catalogación |
spa |
| Normas de descripción |
rda |
| Centro/agencia transcriptor |
mxcmmo |
| 041 0# - CÓDIGO DE IDIOMA |
| Código de lengua del texto/banda sonora o título independiente |
spa |
| 043 ## - CÓDIGO DE ÁREA GEOGRÁFICA |
| Código de área geográfica |
n-mx--- |
| 045 ## - PERIODO DE TIEMPO DEL CONTENIDO |
| Código de periodo de tiempo |
w6w6 |
| 082 04 - NÚMERO DE LA CLASIFICACIÓN DECIMAL DEWEY |
| Número de clasificación |
972.048 |
| Número de ítem |
PRI.y |
| 245 00 - MENCIÓN DEL TÍTULO |
| Título |
Prim y la intervención tripartita en México |
| Resto del título |
: testimonios y documentos/ |
| Mención de responsabilidad, etc. |
Manuel Ortuño Martínez |
| 264 #1 - PRODUCCIÓN, PUBLICACIÓN, DISTRIBUCIÓN, FABRICACIÓN Y COPYRIGHT |
| Producción, publicación, distribución, fabricación y copyright |
Madrid: |
| Nombre del de productor, editor, distribuidor, fabricante |
Ministerio de Defensa, Secretaría General Técnica, |
| Fecha de producción, publicación, distribución, fabricación o copyright |
2009. |
| 300 ## - DESCRIPCIÓN FÍSICA |
| Extensión |
550 páginas; |
| Dimensiones |
24 cm |
| 336 ## - TIPO DE CONTENIDO |
| Término de tipo de contenido |
texto |
| Código de tipo de contenido |
txt |
| Fuente |
rdacontent |
| 337 ## - TIPO DE MEDIO |
| Nombre/término del tipo de medio |
sin medio |
| Código del tipo de medio |
n |
| Fuente |
rdamedia |
| 338 ## - TIPO DE SOPORTE |
| Nombre/término del tipo de soporte |
volumen |
| Código del tipo de soporte |
nc |
| Fuente |
rdacarrier |
| 440 #0 - MENCIÓN DE SERIE/PUNTO DE ACCESO ADICIONAL--TÍTULO |
| Título |
Colección defensa |
| 9 (RLIN) |
160022 |
| 504 ## - NOTA DE BIBLIOGRAFÍA, ETC. |
| Nota de bibliografía, etc. Nota |
Bibliografía: p. [529]-535 |
| 600 17 - PUNTO DE ACCESO ADICIONAL DE MATERIA--NOMBRE DE PERSONA |
| Nombre de persona |
Prim y Prats, Juan |
| Títulos y otros términos asociados al nombre |
marqués de los Castillejos |
| Fechas asociadas al nombre |
1814-1870 |
| 9 (RLIN) |
3518 |
| 651 #7 - PUNTO DE ACCESO ADICIONAL DE MATERIA--NOMBRE GEOGRÁFICO |
| Nombre geográfico |
México |
| Subdivisión general |
Historia |
| Subdivisión cronológica |
Alianza tripartita, 1861-1862 |
| Subdivisión general |
Fuentes |
| 9 (RLIN) |
12540 |
| 651 #7 - PUNTO DE ACCESO ADICIONAL DE MATERIA--NOMBRE GEOGRÁFICO |
| Nombre geográfico |
México |
| Subdivisión general |
Servicio diplomático y consular |
| -- |
Historia |
| -- |
Fuentes |
| 9 (RLIN) |
76433 |
| 700 1# - ENTRADA AGREGADA--NOMBRE PERSONAL |
| Nombre de persona |
Ortuño Martínez, Manuel |
| Término indicativo de función/relación |
compilador |
| 9 (RLIN) |
108046 |
| 710 2# - ENTRADA AGREGADA--NOMBRE DE ENTIDAD CORPORATIVA |
| Nombre de entidad corporativa o nombre de jurisdicción como elemento de entrada |
España |
| Unidad subordinada |
Ministerio de Defensa |
| -- |
Secretaría General Técnica |
| 9 (RLIN) |
160023 |
| 900 ## - ELEMENTOS DE DATOS A LOCAL, LDA (RLIN) |
| Nombre de persona |
BATCH-UPD |
| Numeración |
00 |
| Títulos y otros términos asociados al nombre |
20120323 |
| Lenguaje de la obra |
MOR01 |
| -- |
1754 |
| 900 ## - ELEMENTOS DE DATOS A LOCAL, LDA (RLIN) |
| Nombre de persona |
BATCH-UPD |
| Numeración |
40 |
| Títulos y otros términos asociados al nombre |
20120321 |
| Lenguaje de la obra |
MOR01 |
| -- |
1720 |
| 900 ## - ELEMENTOS DE DATOS A LOCAL, LDA (RLIN) |
| Nombre de persona |
BATCH |
| Numeración |
00 |
| Títulos y otros términos asociados al nombre |
20120322 |
| Lenguaje de la obra |
MOR01 |
| -- |
1742 |
| 900 ## - ELEMENTOS DE DATOS A LOCAL, LDA (RLIN) |
| Nombre de persona |
CAT |
| Numeración |
30 |
| Títulos y otros términos asociados al nombre |
20100706 |
| Lenguaje de la obra |
MOR01 |
| -- |
1252 |
| 900 ## - ELEMENTOS DE DATOS A LOCAL, LDA (RLIN) |
| Nombre de persona |
CAT |
| Numeración |
30 |
| Títulos y otros términos asociados al nombre |
20100706 |
| Lenguaje de la obra |
MOR01 |
| -- |
1322 |
| 900 ## - ELEMENTOS DE DATOS A LOCAL, LDA (RLIN) |
| Nombre de persona |
CAT |
| Numeración |
30 |
| Títulos y otros términos asociados al nombre |
20100706 |
| Lenguaje de la obra |
MOR01 |
| -- |
1323 |
| 900 ## - ELEMENTOS DE DATOS A LOCAL, LDA (RLIN) |
| Nombre de persona |
KLASY |
| Numeración |
30 |
| Títulos y otros términos asociados al nombre |
20100712 |
| Lenguaje de la obra |
MOR01 |
| -- |
1536 |
| 900 ## - ELEMENTOS DE DATOS A LOCAL, LDA (RLIN) |
| Nombre de persona |
MARC21 |
| Numeración |
40 |
| Títulos y otros términos asociados al nombre |
20130814 |
| Lenguaje de la obra |
MOR01 |
| -- |
1415 |
| 900 ## - ELEMENTOS DE DATOS A LOCAL, LDA (RLIN) |
| Nombre de persona |
MARC21 |
| Numeración |
40 |
| Títulos y otros términos asociados al nombre |
20140319 |
| Lenguaje de la obra |
MOR01 |
| -- |
1334 |
| 900 ## - ELEMENTOS DE DATOS A LOCAL, LDA (RLIN) |
| Nombre de persona |
MARY |
| Numeración |
05 |
| Títulos y otros términos asociados al nombre |
20100630 |
| Lenguaje de la obra |
MOR01 |
| -- |
1347 |
| 900 ## - ELEMENTOS DE DATOS A LOCAL, LDA (RLIN) |
| Nombre de persona |
MARY |
| Numeración |
05 |
| Títulos y otros términos asociados al nombre |
20100630 |
| Lenguaje de la obra |
MOR01 |
| -- |
1347 |
| 900 ## - ELEMENTOS DE DATOS A LOCAL, LDA (RLIN) |
| Nombre de persona |
VOBO |
| Numeración |
40 |
| Títulos y otros términos asociados al nombre |
20100921 |
| Lenguaje de la obra |
MOR01 |
| -- |
1348 |
| 901 ## - ELEMENTOS DE DATOS A LOCAL LDA (RLIN) |
| a |
batch batch |
| 904 ## - ELEMENTOS DE DATOS D LOCAL, LDD (RLIN) |
| a |
UPDATE |
| 942 ## - ELEMENTOS DE ENTRADA SECUNDARIOS (KOHA) |
| Código de la institución [OBSOLETO] |
BK |